| 000 | 00563nam a2200193 a 4500 | ||
|---|---|---|---|
| 005 | 20210219154304.0 | ||
| 008 | 030228s1995 mx r 000 0 spa d | ||
| 020 | _a9688425338 | ||
| 035 | _aUPN01000122293 | ||
| 049 | _aI | ||
| 050 | 4 |
_aDS69.5 _bC3.5 |
|
| 100 | 1 | _aCanseco Vincourt, Jorge | |
| 245 | 1 | 0 |
_aMesopotamia / _cJorge Canseco Vincourt. |
| 260 |
_aMĂ©xico : _bINAH, Museo de las Culturas : _bM.A. PorrĂșa, _c1995. |
||
| 300 |
_a19 p. : _bil. (algunas col.) |
||
| 440 | 0 | _aCulturas antiguas | |
| 650 | 4 |
_aMESOPOTAMIA - _xCIVILIZACION |
|
| 905 | _aInfantil | ||
| 999 |
_c94490 _d94490 |
||